Bullying (Record no. 765734)

MARC details
000 -LEADER
fixed length control field 00546nam a22001937a 4500
005 - DATE AND TIME OF LATEST TRANSACTION
control field 20240726101602.0
008 - FIXED-LENGTH DATA ELEMENTS--GENERAL INFORMATION
fixed length control field 240726b sa ||||| |||| 00| 0 eng d
020 ## - INTERNATIONAL STANDARD BOOK NUMBER
International Standard Book Number <a href="9780431908403">9780431908403</a>
Qualifying information (pbk)
040 ## - CATALOGING SOURCE
Original cataloging agency RDA
Transcribing agency 3228
041 ## - LANGUAGE CODE
Language English
082 ## - DEWEY DECIMAL CLASSIFICATION NUMBER
Classification number J 302.3 RAUM
942 ## - ADDED ENTRY ELEMENTS
Creator ID 162
Creator Name Elsie Maluleke
Modifier ID 162
Modifier Name Elsie Maluleke
100 ## - MAIN ENTRY--PERSONAL NAME
Personal name Raum, Elizabeth
245 ## - TITLE STATEMENT
Title Bullying
Statement of responsibility, etc. Edited by Charlotte Guillain and Catherine Veitch
260 ## - PUBLICATION, DISTRIBUTION, ETC.
Place of publication, distribution, etc. London:
Name of publisher, distributor, etc. Heinemann Library;
Date of publication, distribution, etc. 2009.
300 ## - PHYSICAL DESCRIPTION
Extent 32 Pages:
Other physical details Colour illustrations;
Dimensions 49 cm
490 ## - SERIES STATEMENT
Series statement Tough topics
521 ## - TARGET AUDIENCE NOTE
Target audience note Junior
942 ## - ADDED ENTRY ELEMENTS
Source of classification or shelving scheme Dewey Decimal Classification
item type Book
Holdings
Withdrawn status Lost status Source of classification or shelving scheme Damaged status Not for loan Home library Current library Shelving location Date acquired Total Checkouts Full call number Barcode Date last seen Price effective from item type
    Dewey Decimal Classification     LYDENBURG REGIONAL LIBRARY LYDENBURG (TOWN) Non Fiction 26.07.2024   J 302.3 RAUM 3322803184232 26.07.2024 26.07.2024 Book